000 00727nam a22002177a 4500
003 0
005 20250911112313.0
008 250911b xxu||||| |||| 00| 0 eng d
020 _a978-93-48196-04-9
050 _aHD 1382.5
_b.G53 2025
100 _aGibson, Koby,
_eauthor.
245 _aReal estate investment and finance :
_bstrategies, structures, decisions /
_cKoby Gibson.
250 _aFirst edition.
260 _aNew Delhi, India :
_bVenus Books,
_c2025.
300 _aix, 280 pages :
_billustrations ;
_c24 cm.
504 _aIncludes bibliographical references and index.
650 _aReal estate investment.
650 _aReal estate business
_xFinance.
650 _aReal property
_xValuation.
942 _2lcc
_cBK
999 _c367882
_d367882